Milk /

Saved in:
Bibliografiske detaljer
Hovedforfatter: Elfman, Danny (Composer)
Andre forfattere: Penn, Sean (Actor), Hirsch, Emile (Actor), Lanceblack, Dustin (Screenwriter), Van Sant, Gus (Director), Brolin, Josh (Actor), Franco, James (Actor), Black, Dustin Lance (Scenarist), Jinks, Dan (Producer), Cohen, Bruce (Producer), Luna, Diego (Actor), Savides, Harris (Photographer)
Format: Slide
Sprog:italiensk
engelsk
Udgivet: [Roma] : BIM : Rai Cinema : 01 Distribution, 2014
Serier:Il favoloso mondo di BIM
Tags: Tilføj Tag
Ingen Tags, Vær først til at tagge denne postø!

MARC

LEADER 00000ngm a22000007i 4500
001 IT\ICCU\LO1\1251046
003 ItRI
005 20260124182818.0
008 090615s2014 it |||||||||||||||k|||||c
024 3 1 |a 8032807029481 
024 3 1 |a 8032807047430 
028 4 2 |a 02622 
028 4 2 |a 02948  |b BIM 
028 4 2 |a 04743 
040 |b ita 
041 7 |a ita  |a eng  |2 ISO-639-2 
082 |a 791.43  |9 CINEMA  |2 19 
130 0 |a Milk <film ; 2008>  |3 IT\ICCU\LO1\1251047 
245 0 0 |a Milk /  |c un film di Gus Van Sant ; scritto da Dustin Lance Black ; direttore della fotografia Harris Savides ; musiche Danny Elfman ; prodotto da Dan Jinks e Bruce Cohen ; [cast] Sean Penn, Emile Hirsch, Josh Brolin... [et al.]. 
260 |a [Roma] :  |b BIM :  |b Rai Cinema :  |b 01 Distribution,  |c 2014 
300 |a 1 DVD-Video (128 min.) ;  |c in contenitore, 19 cm 
500 |a Tit. del contenitore 
500 |a Produzione cinematografica: USA, 2008 
500 |a c2008 BIM distribuzione 
500 |a Lingue: italiano, inglese; sottotitoli: italiano 
500 |a Contenuti speciali: trailer cinematografico. 
700 1 |a Penn, Sean  |0 IT\ICCU\LO1V\154971  |4 act 
700 1 |a Hirsch, Emile  |0 IT\ICCU\LO1V\272308  |4 act 
700 1 |a Lanceblack, Dustin  |0 IT\ICCU\LO1V\358097  |4 aus 
700 1 |a Elfman, Danny  |0 IT\ICCU\RAVV\090346  |4 cmp 
700 1 |a Van Sant, Gus  |0 IT\ICCU\RAVV\095105  |4 drt 
700 1 |a Brolin, Josh  |0 IT\ICCU\RAVV\329158  |4 act 
700 1 |a Franco, James  |0 IT\ICCU\RAVV\350739  |4 act 
700 1 |a Black, Dustin Lance  |0 IT\ICCU\TO0V\626846  |4 sce 
700 1 |a Jinks, Dan  |0 IT\ICCU\UBOV\557906  |4 pro 
700 1 |a Cohen, Bruce  |0 IT\ICCU\UBOV\558191  |4 pro 
700 1 |a Luna, Diego  |0 IT\ICCU\UBOV\678144  |4 act 
700 1 |a Savides, Harris  |0 IT\ICCU\UBOV\698320  |4 pht 
710 2 |a BIM Records  |0 IT\ICCU\DDSV\117786  |4 pbl 
790 1 |a Elfman, D.  |3 IT\ICCU\SBNV\094575  |z Elfman, Danny 
790 1 |a Elfmann, Danny  |3 IT\ICCU\SBNV\094576  |z Elfman, Danny 
790 1 |a Elfman, Daniel Robert  |3 IT\ICCU\SBNV\094577  |z Elfman, Danny 
790 1 |a Sant, Gus : van  |3 IT\ICCU\MILV\292249  |z Van Sant, Gus 
830 3 |a Il favoloso mondo di BIM  |0 IT\ICCU\LO1\1476133 
942 |2 ddc  |c VM  |n 0 
952 |0 0  |1 0  |4 0  |6 VO_1660_000000000000000  |7 0  |9 26755  |a BO  |b BO  |d 2026-01-24  |i 12845  |l 0  |o VO 1660  |p BO12845  |r 2026-01-24 18:28:18  |w 2026-01-24  |x [Sebina 6] [1 V.]  |y VM  |z 1 V. 
999 |c 22627  |d 22627